Technologie kovových materiálů

Bibliographic Details
Main Author: Beránek, Miroslav (Author)
Format: Book
Language:Undetermined
PhysicalDescription:330 s.
Published: Praha VŠCHT 1984

MARC

LEADER 00000nam a2200000 a 4500
001 vtls001300352
003 SK-MaSNL
005 20260301113729.0
008 240313s1984 xx 0 und
035 |a SNK000252344 
040 |a SNK  |b slo  |c SNK  |e AACR2 
100 1 |a Beránek, Miroslav  |4 aut  |9 282393 
245 1 |a Technologie kovových materiálů 
260 |a Praha  |b VŠCHT  |c 1984 
300 |a 330 s. 
958 |a OND 
999 |c 715509  |d 717439 
952 |t P60, <04>, [BOOK], {604}  |a SNK  |b SNK  |y VYP  |7 0  |p 17A0091866  |o snkIB 52889 D1  |0 0  |1 1  |4 0  |d 1997-08-25  |l 0  |r 2005-01-02 00:00:00  |w 2026-02-23